000
00249nam a2200109Ia 4500
008
190216s9999||||xx |||||||||||||| ||und||
100
_a
James Hadley Chase
245
0
_a
Amace Up My Sleene
260
_b
Corgi Books
650
_a
English
942
_c
BK
999
_c
13339
_d
13339